000 00619nam a2200241Ia 4500
003 OSt
005 20220918225027.0
006 a|||||r|||| 00| 0
007 ta
008 220917b |||||||| |||| 00| 0 eng d
024 _a236,244
037 _cTextual
040 _aARTS
_cARTS
_beng
041 _2eng
_aeng
082 _aU21, L71;3
100 _aSchumm Stanley A.
_9149494
245 0 _aFluvial system
260 _aNew York
_bJohn Wiley & Sons USA
_c1977
300 _axvii;335p
_ccm.
650 _aGEOGRAPHY
942 _hU21, L71;3
_cTEXL
_2CC
999 _c283172
_d283172